000 00711nam a2200217Ia 4500
005 20241129110936.0
008 241129s9999||||xx |||||||||||||| ||und||
020 _a978-93-87199-39-2
037 _aTB
040 _aCRL
_bhin
_cCRL
041 _ahin
_2hin
084 _aNR 152R0
_qCRL
100 _aरागिनी सिंह, ले.
245 0 _aसंगीत शास्त्र वैविध्य
_cरागिनी सिंह, ले.
260 _aवाराणसी, भारत
_bकला प्रकाशन
_c2020
300 _a132पृ0
365 _aINR
_b2500
650 _aFine ArtsPainting
_9726237
942 _cTB
_hNR 152R0
999 _c1228205
_d1228205